Elementos de demografía

שמור ב:
מידע ביבליוגרפי
מחבר ראשי: Tapinos, Georges (Author)
פורמט: ספר
שפה:ספרדית
יצא לאור: Madrid Espasa-Calpe 1988
סדרה:Espasa-Universal, 19
נושאים:
תגים: הוספת תג
אין תגיות, היה/י הראשונ/ה לתייג את הרשומה!

MARC

LEADER 00000nam a2200000 a 4500
001 UCX7258
003 CL-VaPUC
008 931202e19880000SP |||||||||||||||||spa|d
082 0 4 |a 312  |b TAP  |2 21 
100 0 |a Tapinos, Georges  |e author  |9 324069 
245 1 0 |a Elementos de demografía 
300 |a 410 p 
942 |c BK 
945 |d 19931202 00:00:00  |a mfernand 
260 |a Madrid  |b Espasa-Calpe  |c 1988 
650 0 |a Demografía   |9 260008 
583 |a last modification  |c 19931202 00:00:00  |k Rodrigo Vera 
490 0 |a Espasa-Universal, 19 
999 |c 227125  |d 227123 
952 |0 0  |1 0  |4 0  |6 312_000000000000000_TAP_1988  |7 0  |8 A  |9 225921  |a BIBING  |b BIBING  |d 2019-11-15  |i 2949075  |o 312 TAP 1988  |p 2949075  |r 2025-01-20  |w 2019-11-15  |y BK  |k GEO